Dieťa je dobré... /inc./. Ak sa zobudíš... /inc./. Napriek dažďu napriek svojim dotrhaným šatám.../inc./

Bibliographic Details
Main Author: Lugn, Kristina, 1948-2020 (Author)
Other Authors: Richter, Milan, 1948- (Translator)
Format: Article
Language:Slovak
Subjects:

MARC

LEADER 00000nab a2200000 a 4500
001 vtls000417379
003 SK-MaSNL
005 20260304010743.0
008 230313c1991 xo 0 slo
015 |a SNBRB19rr/mm-uuuuu 
035 |a CL0417504 
035 |a urn:nbn:sk:snk-abblvs 
035 |a (urnnbn)urn:nbn:sk:snk:ar-002psi 
035 |a (uuid)1e14e2da-ea09-44f5-8ffd-89bc223250ab 
040 |a SNKBUCL  |b slo  |c SNKBUCL  |e AACR2 
041 0 |a slo 
044 |a xo  |c SK 
080 |a 839.7-1  |2 1981 
100 1 |a Lugn, Kristina,  |d 1948-2020  |4 aut  |9 244220 
245 1 0 |a Dieťa je dobré... /inc./. Ak sa zobudíš... /inc./. Napriek dažďu napriek svojim dotrhaným šatám.../inc./  |c Kristina Lugnová ; Kristina Lugn, Milan Richter 
500 |a Inform. o autorke. 
650 0 7 |a básne reflexívne  |2 snkbucl  |9 898242 
655 7 |a články z novín a časopisov  |2 snkbucl  |9 267496 
655 7 |a články z odboru literárna veda a krásna literatúra  |2 snkbucl  |9 770045 
700 1 |a Richter, Milan,  |d 1948-  |4 trl  |9 92608 
700 1 |a Lugn, Kristina,  |d 1948-2020  |4 aut  |9 244220 
773 0 |t Dotyky  |g Roč. 3, č. 3 (1991), s. 32 
850 |a Slovenská národná knižnica v Martine  |a MTA001 
852 |a SNK  |b KIS3GCP 
958 |a RK 
958 |a LX 
958 |a OND 
958 |a EUIPO 
958 |a article15 
992 |a RBX 
999 |c 2562813  |d 2564743